Diagnóstico del proceso de producción de biodiésel de Cooperativa Victoria, R.L.
Guardado en:
| Autor principal: | |
|---|---|
| Otros Autores: | |
| Formato: | Libro |
| Lenguaje: | Spanish |
| Publicado: |
San Pedro, [Montes de Oca, San José, Costa Rica]
2020.
|
| Materias: | |
| Etiquetas: |
Agregar Etiqueta
Sin Etiquetas, Sea el primero en etiquetar este registro!
|
MARC
| LEADER | 00000nam a2200000Ia 4500 | ||
|---|---|---|---|
| 003 | 013533 | ||
| 005 | 20230411154725.0 | ||
| 008 | 140116s2020 cr a 000 ||spa d | ||
| 040 | |c cru CEDI | ||
| 100 | |a Rojas Hidalgo, José Augusto, 1994- |9 347 | ||
| 245 | |a Diagnóstico del proceso de producción de biodiésel de Cooperativa Victoria, R.L. | ||
| 260 | |a San Pedro, [Montes de Oca, San José, Costa Rica] |c 2020. | ||
| 500 | |a Proyecto de graduación (licenciatura en ingeniería química)--Universidad de Costa Rica. Facultad de Ingeniería. Escuela de Ingeniería Química | ||
| 501 | |a Directora de Proyecto de Graduación: Ing. Bárbara Miranda Morales, Ph.D | ||
| 610 | |x Cooperativa Agrícola Industrial Victoria (Grecia, Alajuela, Costa Rica) | ||
| 650 | |x ACEITES Y GRASAS COMESTIBLES - PROCESAMIENTO - EVALUACION |x MEJORAMIENTO DE PROCESOS |x COMBUSTIBLES BIODIESEL - CONTROL DE CALIDAD |x COMBUSTIBLES BIODIESEL - PRODUCCION - LEGISLACION - COSTA RICA |x COMBUSTIBLES BIODIESEL - PRODUCCION - COSTA RICA | ||
| 700 | |9 10 |a Miranda Morales, Bárbara Cristina, 1983- |d Directora del TFG | ||
| 942 | |c CEDI |h TFG 8684 |2 ddc |6 TFG_8684_000000000000000 | ||
| 999 | |c 22035 |d 22035 | ||
